| 000 | 00889nas a2200301 4500 | ||
|---|---|---|---|
| 001 | BR0304802 | ||
| 003 | BR-BrBNA | ||
| 005 | 20231205104121.0 | ||
| 007 | ta | ||
| 008 | 230509b bl.|||p| |||| 00| 00por d | ||
| 040 |
_aBR-BrBNA _bpor _cBiblioteca Nacional de Agricultura |
||
| 041 | _a(Pt) | ||
| 072 | _aP01; F50 | ||
| 100 | 1 | _aValente, R. de O.A. | |
| 100 | 1 | _aVettorazzi, C.A. | |
| 245 | 1 | _aAnálise da estrutura da paisagem na Bacia do Rio Coumbataí, SP | |
| 650 | _aBACIA HIDROGRÁFICA | ||
| 650 | _aPAISAGISMO | ||
| 650 | _aECOLOGIA VEGETAL | ||
| 650 | _aESTRUTURA VEGETAL | ||
| 650 | _aESSÊNCIA FLORESTAL | ||
| 650 | _aMODELO MATEMÁTICO | ||
| 650 | _aCERRADO | ||
| 650 | _aSÃO PAULO | ||
| 773 | 0 |
_tScientia Forestalis (Brazil) _xISSN 1413-9324 _g(Dec 2002), (no. 62) p. 114-129 _wBR0304802 |
|
| 909 |
_a202311 _bLúcia _c55 _dLúcia Elande |
||
| 942 |
_2AGRIS _n0 _cANA |
||
| 999 |
_c176459 _d176459 |
||